[Event "FICGS theme 0002 email"]
[Site "FICGS email"]
[Date "2016.01.11"]
[Round "1"]
[White "Yablonko, Eyal"]
[Black "Carrizo, Jose Luis"]
[Result "0-1"]
[WhiteElo "2000"]
[BlackElo "2096"]
[PlyCount "56"]
[EventDate "2016.??.??"]
[EventType "swiss (corr)"]
[EventRounds "1"]
[SourceTitle "Corr 2022"]
[Source "ChessBase"]
[SourceDate "2021.10.24"]
[SourceVersion "1"]
[SourceVersionDate "2021.10.24"]
[SourceQuality "1"]

1. e4 e5 2. f4 Bc5 3. Nf3 d6 4. c3 Bb6 5. fxe5 dxe5 6. a4 Nc6 7. Bb5 a6 8. Bxc6+ bxc6 9. Qc2 Ne7 10. Nxe5 0-0 11. a5 Ba7 12. d3 Re8 13. Na3 Rb8 14. Rf1 Be6 15. Qe2 Bb3 16. Bf4 f6 17. Nec4 Qd7 18. Rf3 f5 19. Bg3 Bc5 20. Ne5 Qe6 21. Kf1 Bxa3 22. Rxa3 fxe4 23. dxe4 Ng6 24. Nd3 Bc4 25. Kg1 Qd5 26. exd5 Rxe2 27. Ra1 cxd5 28. b4 Rbe8 0-1